| 000 | 00573nam a2200181Ia 4500 | ||
|---|---|---|---|
| 005 | 20250326144106.0 | ||
| 008 | 250326s9999 xx 000 0 und d | ||
| 037 | _aTextbook | ||
| 040 |
_aFMSL _beng _cFMSL |
||
| 041 |
_aeng _2eng |
||
| 084 |
_aW49D'4447:194 N89 _qFMSL |
||
| 100 |
_aWARIKOO _9749008 |
||
| 245 | 0 |
_aCentral Asia and Kashmir: A study in the context of Anglo Russian rivalary _cWARIKOO |
|
| 260 |
_aNew Delhi _bNew Delhi, Gian Publishing House _c1989 |
||
| 300 | _a264p | ||
| 942 |
_cTB _hW49D'4447:194 N89 |
||
| 999 |
_c1302321 _d1302321 |
||